PR-SOF-1328-REAL TIME DETECTION TRACKING AND CLASSIFICATION OF HUMAN BEINGS USING BEAGLEBOARD xM (Record no. 578009)
[ view plain ]
| 000 -LEADER | |
|---|---|
| fixed length control field | 00401nam a22001217a 4500 |
| 082 ## - DEWEY DECIMAL CLASSIFICATION NUMBER | |
| Classification number | 220 PRO |
| 100 ## - MAIN ENTRY--PERSONAL NAME | |
| Personal name | HINA,MUNEEBA,ZOFISHAN |
| 9 (RLIN) | 71550 |
| 245 ## - TITLE STATEMENT | |
| Title | PR-SOF-1328-REAL TIME DETECTION TRACKING AND CLASSIFICATION OF HUMAN BEINGS USING BEAGLEBOARD xM |
| 260 ## - PUBLICATION, DISTRIBUTION, ETC. | |
| Place of publication, distribution, etc. | ISLAMABAD |
| Name of publisher, distributor, etc. | NUST COLLEGE OF EME |
| Date of publication, distribution, etc. | 2014 |
| 650 ## - SUBJECT ADDED ENTRY--TOPICAL TERM | |
| Topical term or geographic name entry element | DE-ELECT-32 |
| 9 (RLIN) | 71551 |
| 700 ## - ADDED ENTRY--PERSONAL NAME | |
| Personal name | DR SHOAB A KHAN , KAMRAN AZIZ |
| 9 (RLIN) | 71552 |
| 942 ## - ADDED ENTRY ELEMENTS (KOHA) | |
| Koha item type | Continuing Resources |
| Withdrawn status | Lost status | Damaged status | Not for loan | Permanent Location | Current Location | Shelving location | Date acquired | Total Checkouts | Full call number | Barcode | Date last seen | Price effective from | Koha item type |
|---|---|---|---|---|---|---|---|---|---|---|---|---|---|
| College of Electrical & Mechanical Engineering (CEME) | College of Electrical & Mechanical Engineering (CEME) | Reference | 12/06/2019 | 220 PRO | PR-SOF-1328 | 06/28/2021 | 06/28/2021 | Continuing Resources |
